[Event "GBR-ch Major 103rd"]
[Site "Bournemouth"]
[Date "2016.07.28"]
[Round "4"]
[White "Llorente Zaro, Alfonso"]
[Black "Meszaros, Gyula"]
[Result "1-0"]
[WhiteElo "2461"]
[BlackElo "2271"]
[PlyCount "81"]
[EventDate "2016.07.25"]
[EventType "swiss"]
[EventRounds "11"]
[EventCountry "ENG"]
[SourceTitle "CBM 173 Extra"]
[Source "ChessBase"]
[SourceDate "2016.08.29"]
[SourceVersion "1"]
[SourceVersionDate "2016.08.29"]
[SourceQuality "1"]

1. c4 c5 2. Nf3 g6 3. d4 cxd4 4. Nxd4 Bg7 5. e4 Nc6 6. Be3 Nf6 7. Nc3 d6 8. Be2 0-0 9. Qd2 Qa5 10. Nb3 Qd8 11. f3 Be6 12. Nd5 b6 13. Bh6 Bxh6 14. Qxh6 a5 15. Rd1 a4 16. Nxf6+ exf6 17. Nd4 Nxd4 18. Rxd4 Qc7 19. Qf4 Rfd8 20. Qxf6 b5 21. cxb5 a3 22. bxa3 Rxa3 23. Kf2 Rxa2 24. Rhd1 Re8 25. R1d2 Rxd2 26. Rxd2 Rb8 27. Qd4 Bd7 28. e5 d5 29. Rb2 Be6 30. b6 Qc6 31. Qb4 Qc1 32. b7 Kg7 33. Ba6 Qa1 34. Qb6 d4 35. Bd3 Bd5 36. Qxd4 Rxb7 37. e6+ Kh6 38. Qe3+ g5 39. Rxb7 Bxb7 40. e7 Qb2+ 41. Be2 1-0

[Event "BCF-chT3Sc 1516 (4NCL)"]
[Site "England"]
[Date "2016.03.20"]
[Round "8.66"]
[White "Agnew, Alan"]
[Black "Meszaros, Gyula"]
[Result "0-1"]
[WhiteElo "2105"]
[BlackElo "2270"]
[PlyCount "92"]
[EventDate "2016.03.20"]
[EventType "team-swiss"]
[EventRounds "11"]
[EventCountry "ENG"]
[SourceTitle "EXT 2017"]
[Source "ChessBase"]
[SourceDate "2016.10.25"]
[SourceVersion "1"]
[SourceVersionDate "2016.10.25"]
[SourceQuality "1"]
[WhiteTeam "Fermented Sharks"]
[BlackTeam "Midland Monarchs"]
[WhiteTeamCountry "ENG"]
[BlackTeamCountry "ENG"]

1. e4 e6 2. d3 d5 3. Nd2 Nf6 4. Ngf3 b6 5. g3 Bb7 6. Bg2 Nc6 7. e5 Nd7 8. d4 f6 9. 0-0 fxe5 10. Nxe5 Ndxe5 11. dxe5 Qd7 12. Nb3 0-0-0 13. Qe2 h6 14. a4 a5 15. c3 g5 16. f4 Be7 17. Nd4 Bc5 18. Be3 gxf4 19. gxf4 Rhg8 20. Kh1 Bxd4 21. cxd4 Nb4 22. Rg1 Ba6 23. Qd2 Bd3 24. Bf3 Rxg1+ 25. Bxg1 Qh7 26. Re1 Rg8 27. Bf2 Bc2 28. Rg1 Rxg1+ 29. Bxg1 Bxa4 30. Be3 Bc2 31. Qg2 Bf5 32. h4 Nd3 33. Kh2 Ne1 34. Qg3 Nxf3+ 35. Qxf3 h5 36. Qg2 Bg4 37. Qf1 Kb7 38. Qf2 Qd3 39. Kg3 Qd1 40. Kh2 Ka6 41. Kg2 Kb5 42. Bd2 Bf5 43. Qf1+ Qxf1+ 44. Kxf1 Kc4 45. Bc3 Kd3 46. Ke1 Kc2 0-1

[Event "BCF-chT3 1415 (4NCL)"]
[Site "England"]
[Date "2015.03.21"]
[Round "7.99"]
[White "Meszaros, Gyula"]
[Black "Adams, Mark"]
[Result "1-0"]
[WhiteElo "2267"]
[BlackElo "1995"]
[PlyCount "53"]
[EventDate "2015.03.21"]
[EventType "team-swiss"]
[EventRounds "11"]
[EventCountry "ENG"]
[SourceTitle "EXT 2016"]
[Source "ChessBase"]
[SourceDate "2015.10.08"]
[SourceVersion "1"]
[SourceVersionDate "2015.10.08"]
[SourceQuality "1"]
[WhiteTeam "Midland Monarchs"]
[BlackTeam "The Full Ponty"]
[WhiteTeamCountry "ENG"]
[BlackTeamCountry "ENG"]

1. Nf3 d5 2. g3 Bf5 3. c4 e6 4. Bg2 c6 5. cxd5 exd5 6. 0-0 Nf6 7. d3 h6 8. Qb3 Qb6 9. Qc2 Be7 10. Nc3 Nbd7 11. e4 dxe4 12. dxe4 Bh7 13. Be3 Qa5 14. h3 0-0 15. Nd4 Rfe8 16. a3 Rac8 17. Rac1 Bf8 18. f3 a6 19. Bf2 Qd8 20. Rfe1 Bd6 21. Qd1 Bc7 22. f4 Nb6 23. e5 Nfd5 24. Ne4 Bxe4 25. Bxe4 Qe7 26. Nf5 Qe6 27. Qg4 1-0

[Event "HUN-chT2 Maroczy 1314"]
[Site "Hungary"]
[Date "2014.02.02"]
[Round "6"]
[White "Peczely, Sebastian Zsombor"]
[Black "Meszaros, Gyula"]
[Result "1/2-1/2"]
[WhiteElo "2165"]
[BlackElo "2272"]
[PlyCount "65"]
[EventDate "2013.09.08"]
[EventType "team-tourn"]
[EventRounds "11"]
[EventCountry "HUN"]
[SourceTitle "EXT 2016"]
[Source "ChessBase"]
[SourceDate "2015.10.08"]
[SourceVersion "1"]
[SourceVersionDate "2015.10.08"]
[SourceQuality "1"]
[WhiteTeam "Szeged Maroczy"]
[BlackTeam "Kisujszallas"]
[WhiteTeamCountry "HUN"]
[BlackTeamCountry "HUN"]

1. e4 e6 2. d4 d5 3. Nc3 Bb4 4. e5 Ne7 5. Qg4 Nf5 6. Bg5 h5 7. Qxf5 exf5 8. Bxd8 Kxd8 9. 0-0-0 Be6 10. h4 g6 11. Nh3 c6 12. Ne2 Bf8 13. Kb1 Bh6 14. g3 Nd7 15. Nef4 Ke7 16. c3 Rhd8 17. Bg2 a5 18. b3 Nb6 19. Nd3 a4 20. Kb2 Ra7 21. f4 Rda8 22. Ra1 Nd7 23. Rhe1 Ke8 24. Bf1 Bf8 25. b4 a3+ 26. Kc2 b6 27. Bg2 Rc8 28. Rab1 Rac7 29. Kd2 Be7 30. Ng5 Ra7 31. Nf3 Ra4 32. Rec1 Rd8 33. Ke3 1/2-1/2

[Event "Kecskemet Caissa IM 08"]
[Site "Kecskemet"]
[Date "2013.08.23"]
[Round "10"]
[White "Meszaros, Gyula"]
[Black "Sutorikhin, Vladimir"]
[Result "1/2-1/2"]
[WhiteElo "2248"]
[BlackElo "2331"]
[PlyCount "22"]
[EventDate "2013.08.17"]
[EventType "tourn"]
[EventRounds "14"]
[EventCountry "HUN"]
[EventCategory "1"]
[SourceTitle "CBM 156 Extra"]
[Source "ChessBase"]
[SourceDate "2013.10.22"]
[SourceVersion "1"]
[SourceVersionDate "2013.10.22"]
[SourceQuality "1"]

1. d4 d5 2. Nc3 Nf6 3. Bg5 Nbd7 4. Nf3 g6 5. e3 Bg7 6. Bd3 0-0 7. 0-0 c6 8. Re1 Re8 9. e4 dxe4 10. Nxe4 Nxe4 11. Bxe4 Qb6 1/2-1/2

[Event "Kecskemet Caissa IM 08"]
[Site "Kecskemet"]
[Date "2013.08.22"]
[Round "9"]
[White "Bodiroga, Predrag"]
[Black "Meszaros, Gyula"]
[Result "1/2-1/2"]
[WhiteElo "2379"]
[BlackElo "2248"]
[PlyCount "46"]
[EventDate "2013.08.17"]
[EventType "tourn"]
[EventRounds "14"]
[EventCountry "HUN"]
[EventCategory "1"]
[SourceTitle "CBM 156 Extra"]
[Source "ChessBase"]
[SourceDate "2013.10.22"]
[SourceVersion "1"]
[SourceVersionDate "2013.10.22"]
[SourceQuality "1"]

1. d4 Nf6 2. c4 Nc6 3. Nf3 e6 4. a3 d6 5. Nc3 g6 6. e4 Bg7 7. Be2 0-0 8. 0-0 Re8 9. d5 Ne7 10. Qc2 c6 11. dxc6 bxc6 12. e5 dxe5 13. Nxe5 Qc7 14. Bf4 g5 15. Bg3 Nf5 16. Nxc6 Qxc6 17. Bf3 Qxc4 18. Bxa8 Ba6 19. Bf3 Nd4 20. Qa4 Qxa4 21. Nxa4 Nxf3+ 22. gxf3 Bxf1 23. Rxf1 Rc8 1/2-1/2

[Event "Kecskemet Caissa IM 08"]
[Site "Kecskemet"]
[Date "2013.08.19"]
[Round "4"]
[White "Meszaros, Gyula"]
[Black "Neuer, Thomas"]
[Result "1/2-1/2"]
[WhiteElo "2248"]
[BlackElo "2088"]
[PlyCount "36"]
[EventDate "2013.08.17"]
[EventType "tourn"]
[EventRounds "14"]
[EventCountry "HUN"]
[EventCategory "1"]
[SourceTitle "CBM 156 Extra"]
[Source "ChessBase"]
[SourceDate "2013.10.22"]
[SourceVersion "1"]
[SourceVersionDate "2013.10.22"]
[SourceQuality "1"]

1. g3 c5 2. Bg2 g6 3. c4 Bg7 4. Nc3 Nc6 5. a3 d6 6. Rb1 e6 7. b4 Nge7 8. Nf3 b6 9. 0-0 Bb7 10. e3 Qd7 11. d4 cxd4 12. exd4 d5 13. cxd5 exd5 14. Re1 0-0 15. Bf4 Nf5 16. Ne5 Nxe5 17. Bxe5 Rac8 18. Bxg7 Kxg7 1/2-1/2

[Event "Kecskemet Caissa IM 08"]
[Site "Kecskemet"]
[Date "2013.08.19"]
[Round "5"]
[White "Somborski, Nebojsa"]
[Black "Meszaros, Gyula"]
[Result "1/2-1/2"]
[WhiteElo "2339"]
[BlackElo "2248"]
[PlyCount "65"]
[EventDate "2013.08.17"]
[EventType "tourn"]
[EventRounds "14"]
[EventCountry "HUN"]
[EventCategory "1"]
[SourceTitle "CBM 156 Extra"]
[Source "ChessBase"]
[SourceDate "2013.10.22"]
[SourceVersion "1"]
[SourceVersionDate "2013.10.22"]
[SourceQuality "1"]

1. e4 e6 2. d4 d5 3. Nd2 Nc6 4. Ngf3 Nf6 5. e5 Nd7 6. Be2 b6 7. Nf1 Bb7 8. Ng3 Qe7 9. c3 f6 10. exf6 gxf6 11. 0-0 0-0-0 12. Re1 Qf7 13. Nh4 Ne7 14. Bh5 Ng6 15. Qg4 Rg8 16. Bd2 Bd6 17. Nf3 Rde8 18. a4 f5 19. Qh3 Nf6 20. a5 Kb8 21. axb6 axb6 22. Ng5 Qd7 23. Bd1 Bc6 24. Nh5 Nxh5 25. Bxh5 Re7 26. Nf3 Reg7 27. g3 Bb5 28. Bh6 Nf4 29. Bxf4 Bxf4 30. Ne5 Qe7 31. Be2 Be8 32. Bh5 Bb5 33. Be2 1/2-1/2

[Event "Kecskemet Caissa IM 08"]
[Site "Kecskemet"]
[Date "2013.08.17"]
[Round "1"]
[White "Betaneli, Aleksandr"]
[Black "Meszaros, Gyula"]
[Result "1/2-1/2"]
[WhiteElo "2247"]
[BlackElo "2248"]
[PlyCount "96"]
[EventDate "2013.08.17"]
[EventType "tourn"]
[EventRounds "14"]
[EventCountry "HUN"]
[EventCategory "1"]
[SourceTitle "CBM 156 Extra"]
[Source "ChessBase"]
[SourceDate "2013.10.22"]
[SourceVersion "1"]
[SourceVersionDate "2013.10.22"]
[SourceQuality "1"]

1. c4 e6 2. Nc3 d5 3. d4 c6 4. e4 dxe4 5. Nxe4 Nf6 6. Nxf6+ Qxf6 7. Nf3 Bb4+ 8. Bd2 Bxd2+ 9. Qxd2 Nd7 10. 0-0-0 b6 11. Qe3 Bb7 12. Bd3 0-0-0 13. Ng5 c5 14. Be4 cxd4 15. Rxd4 Nc5 16. Rhd1 Rxd4 17. Rxd4 h6 18. Bxb7+ Nxb7 19. Ne4 Qe7 20. Nc3 Qg5 21. Rf4 Nd6 22. Ne4 Nxe4 23. Qxe4 e5 24. Qf5+ Qxf5 25. Rxf5 f6 26. f4 exf4 27. Rxf4 Re8 28. Kd2 Re5 29. Kd3 Kc7 30. b4 Re1 31. Re4 Rd1+ 32. Ke2 Rb1 33. Re7+ Kd6 34. Rxa7 Rxb4 35. Rxg7 Rxc4 36. Rg6 Ke5 37. Kd3 Ra4 38. Rxh6 Ra3+ 39. Kc4 Rxa2 40. Rg6 f5 41. Kb3 Rf2 42. h4 f4 43. h5 f3 44. gxf3 Rxf3+ 45. Kb4 Rf6 46. Kb5 Rxg6 47. hxg6 Kf6 48. Kxb6 Kxg6 1/2-1/2

[Event "GBR-ch 100th"]
[Site "Torquay"]
[Date "2013.08.05"]
[Round "7"]
[White "Meszaros, Gyula"]
[Black "Flear, Glenn C"]
[Result "1/2-1/2"]
[WhiteElo "2255"]
[BlackElo "2456"]
[PlyCount "65"]
[EventDate "2013.07.29"]
[EventType "swiss"]
[EventRounds "11"]
[EventCountry "ENG"]
[SourceTitle "CBM 155 Extra"]
[Source "ChessBase"]
[SourceDate "2013.08.26"]
[SourceVersion "1"]
[SourceVersionDate "2013.08.26"]
[SourceQuality "1"]

1. c4 e6 2. g3 d5 3. d4 dxc4 4. Nf3 c5 5. Bg2 Nc6 6. 0-0 cxd4 7. Qa4 Bd7 8. Qxc4 Qb6 9. Nbd2 Rc8 10. Nb3 e5 11. Ng5 Nh6 12. Qd5 f6 13. Ne4 Nb4 14. Qa5 Nf7 15. Qxb6 axb6 16. Bd2 Be7 17. e3 f5 18. Bxb4 Bxb4 19. Ned2 Rc2 20. Rfd1 dxe3 21. fxe3 Ke7 22. Bxb7 Nd6 23. Bd5 Rxb2 24. Nf3 e4 25. Nfd4 Rc8 26. Rdb1 Rxb1+ 27. Rxb1 Nc4 28. Bb7 Rc7 29. Nxf5+ Bxf5 30. Nd4 Nd6 31. Nxf5+ Nxf5 32. Bxe4 Bc5 33. Bxf5 1/2-1/2

[Event "GBR-ch 100th"]
[Site "Torquay"]
[Date "2013.08.01"]
[Round "4"]
[White "Ghasi, Ameet K"]
[Black "Meszaros, Gyula"]
[Result "1-0"]
[WhiteElo "2459"]
[BlackElo "2255"]
[PlyCount "33"]
[EventDate "2013.07.29"]
[EventType "swiss"]
[EventRounds "11"]
[EventCountry "ENG"]
[SourceTitle "CBM 155 Extra"]
[Source "ChessBase"]
[SourceDate "2013.08.26"]
[SourceVersion "1"]
[SourceVersionDate "2013.08.26"]
[SourceQuality "1"]

1. Nf3 Nf6 2. g3 b6 3. Bg2 Bb7 4. 0-0 e6 5. d3 d5 6. Nbd2 Be7 7. e4 dxe4 8. dxe4 Nxe4 9. Ne5 Nd6 10. Bxb7 Nxb7 11. Qf3 Qd5 12. Qxf7+ Kd8 13. Qxg7 Rf8 14. c4 Qa5 15. Nb3 Qa4 16. Nd4 Nc5 17. b4 1-0

[Event "Purley Big Slick IM 3rd"]
[Site "Purley"]
[Date "2013.06.28"]
[Round "7"]
[White "Rudd, Jack"]
[Black "Meszaros, Gyula"]
[Result "1/2-1/2"]
[WhiteElo "2280"]
[BlackElo "2255"]
[PlyCount "99"]
[EventDate "2013.06.22"]
[EventType "tourn"]
[EventRounds "9"]
[EventCountry "ENG"]
[SourceTitle "CBM 155 Extra"]
[Source "ChessBase"]
[SourceDate "2013.08.26"]
[SourceVersion "1"]
[SourceVersionDate "2013.08.26"]
[SourceQuality "1"]

1. Nf3 Nf6 2. c4 g6 3. Nc3 Bg7 4. e4 d6 5. d4 0-0 6. Be2 e5 7. 0-0 Nc6 8. d5 Ne7 9. Ne1 Ne8 10. Be3 f5 11. f3 f4 12. Bf2 g5 13. b4 h5 14. c5 Rf6 15. a4 Rg6 16. c6 bxc6 17. dxc6 Be6 18. Nd5 Nxc6 19. Bb5 Bd7 20. Rc1 Nd4 21. Bxd7 Qxd7 22. Nc2 c6 23. Nxd4 exd4 24. Rxc6 Kh7 25. b5 Nf6 26. Nxf6+ Bxf6 27. Bxd4 Rf8 28. Bxf6 Rfxf6 29. Qc2 Kh6 30. Rd1 g4 31. e5 gxf3 32. exf6 Rxg2+ 33. Qxg2 fxg2 34. Rdxd6 Qf7 35. Re6 f3 36. a5 Qg6 37. Re1 Qd3 38. Rce6 Qd2 39. R1e3 Qd1+ 40. Re1 Qd4+ 41. R1e3 Qa1+ 42. Re1 Qb2 43. R1e3 Qc1+ 44. Re1 Qf4 45. f7+ Kg7 46. f8Q+ Kxf8 47. Re8+ Kg7 48. Kf2 Qxh2 49. R8e7+ Kf6 50. R7e6+ 1/2-1/2

[Event "Purley Big Slick IM 3rd"]
[Site "Purley"]
[Date "2013.06.26"]
[Round "5"]
[White "House, Glenn"]
[Black "Meszaros, Gyula"]
[Result "1-0"]
[WhiteElo "2211"]
[BlackElo "2255"]
[PlyCount "77"]
[EventDate "2013.06.22"]
[EventType "tourn"]
[EventRounds "9"]
[EventCountry "ENG"]
[SourceTitle "CBM 155 Extra"]
[Source "ChessBase"]
[SourceDate "2013.08.26"]
[SourceVersion "1"]
[SourceVersionDate "2013.08.26"]
[SourceQuality "1"]

1. g3 d5 2. Nf3 e6 3. Bg2 Nf6 4. 0-0 Be7 5. d3 b6 6. Nbd2 Bb7 7. e4 dxe4 8. Ng5 Qc8 9. dxe4 h6 10. Nh3 e5 11. Re1 0-0 12. Qe2 Na6 13. f3 Nb4 14. Nc4 Ba6 15. Be3 Qe6 16. b3 Bxc4 17. bxc4 Qc6 18. a3 Na6 19. Nf2 Bc5 20. Nd3 Rae8 21. Nxc5 Nxc5 22. Red1 Rd8 23. Rxd8 Rxd8 24. Rd1 Rd6 25. Rxd6 Qxd6 26. Qd2 Kf8 27. Bf1 Qxd2 28. Bxd2 Ke7 29. Kf2 Kd6 30. Be2 Nfd7 31. Ke3 f6 32. f4 Nb8 33. Bh5 Nc6 34. Bb4 Nd4 35. Bd1 Nc6 36. f5 Nb8 37. h4 Kc6 38. g4 Nca6 39. Bf8 1-0

[Event "Purley Big Slick IM 3rd"]
[Site "Purley"]
[Date "2013.06.22"]
[Round "1"]
[White "Meszaros, Gyula"]
[Black "Merry, Alan B"]
[Result "1/2-1/2"]
[WhiteElo "2255"]
[BlackElo "2237"]
[PlyCount "81"]
[EventDate "2013.06.22"]
[EventType "tourn"]
[EventRounds "9"]
[EventCountry "ENG"]
[SourceTitle "CBM 155 Extra"]
[Source "ChessBase"]
[SourceDate "2013.08.26"]
[SourceVersion "1"]
[SourceVersionDate "2013.08.26"]
[SourceQuality "1"]

1. Nf3 Nf6 2. c4 g6 3. b3 Bg7 4. Bb2 0-0 5. g3 d6 6. d4 c5 7. Bg2 Nc6 8. 0-0 cxd4 9. Nxd4 Bd7 10. Nc3 Qa5 11. Qd2 Rfc8 12. Rfd1 Rab8 13. Rac1 a6 14. Nxc6 Bxc6 15. Bh3 Rc7 16. Nd5 Qxd2 17. Rxd2 Bxd5 18. cxd5 Rxc1+ 19. Bxc1 b5 20. e3 Rb7 21. Rc2 Nxd5 22. Rc8+ Bf8 23. e4 Nb6 24. Rc6 a5 25. Be3 Nd7 26. Ra6 Nc5 27. Ra8 Kg7 28. e5 a4 29. bxa4 bxa4 30. exd6 exd6 31. Bxc5 dxc5 32. Rxa4 Rb2 33. Bf1 c4 34. Rxc4 Rxa2 35. Rc7 Bd6 36. Rxf7+ Kxf7 37. Bc4+ Kf6 38. Bxa2 g5 39. Kg2 h6 40. Kf3 Bc5 41. Bb3 1/2-1/2

[Event "SVK-chT1E 1213"]
[Site "Slovakia"]
[Date "2013.02.24"]
[Round "9.2"]
[White "Kantorik, Marian"]
[Black "Meszaros, Gyula"]
[Result "0-1"]
[WhiteElo "2331"]
[BlackElo "2259"]
[PlyCount "84"]
[EventDate "2012.10.20"]
[EventType "team-tourn"]
[EventRounds "11"]
[EventCountry "SVK"]
[SourceTitle "EXT 2015"]
[Source "ChessBase"]
[SourceDate "2014.11.20"]
[SourceVersion "1"]
[SourceVersionDate "2014.11.20"]
[SourceQuality "1"]
[WhiteTeam "Rajecke Teplice"]
[BlackTeam "Svit"]
[WhiteTeamCountry "SVK"]
[BlackTeamCountry "SVK"]

1. d4 Nf6 2. c4 d6 3. Nc3 e5 4. Nf3 e4 5. Ng5 Qe7 6. Qc2 Bf5 7. f3 Bg6 8. Ngxe4 Nxe4 9. fxe4 Nc6 10. e3 0-0-0 11. a3 f5 12. d5 Ne5 13. exf5 Bh5 14. Be2 Qh4+ 15. g3 Qh3 16. Bxh5 Qxh5 17. 0-0 Nf3+ 18. Kh1 g5 19. Rf2 g4 20. Ne2 Re8 21. Bd2 Bh6 22. Ng1 Bxe3 23. Bxe3 Rxe3 24. Nxf3 gxf3 25. c5 Kb8 26. cxd6 cxd6 27. Rc1 a6 28. Qc7+ Ka8 29. Qxd6 Qxf5 30. Qf4 Qd3 31. Rcf1 Rhe8 32. d6 R8e4 33. Qf8+ Re8 34. Qf4 R8e4 35. Qf6 Re6 36. Qd8+ Ka7 37. Qc7 Rxd6 38. Qc5+ Kb8 39. Rc1 Rc6 40. Qf8+ Ka7 41. Rcf1 Rc2 42. Rxf3 Rxf3 0-1

[Event "Gibraltar Challengers-B 11th"]
[Site "Caleta"]
[Date "2013.01.27"]
[Round "2"]
[White "Kvisla, Johannes Luangtep"]
[Black "Meszaros, Gyula"]
[Result "0-1"]
[WhiteElo "2148"]
[BlackElo "2248"]
[PlyCount "172"]
[EventDate "2013.01.26"]
[EventType "swiss"]
[EventRounds "5"]
[EventCountry "GGB"]
[SourceTitle "EXT 2014"]
[Source "ChessBase"]
[SourceDate "2013.11.20"]
[SourceVersion "1"]
[SourceVersionDate "2013.11.20"]
[SourceQuality "1"]

1. e4 e6 2. d4 d5 3. Nd2 Nf6 4. e5 Nfd7 5. Bd3 c5 6. c3 Nc6 7. Ne2 cxd4 8. cxd4 f6 9. exf6 Nxf6 10. Nf3 Qb6 11. 0-0 Bd6 12. Bf4 Bxf4 13. Nxf4 0-0 14. Re1 Qxb2 15. Nxe6 Bxe6 16. Rxe6 Rae8 17. Rxe8 Rxe8 18. Rb1 Qc3 19. Rb3 Qa5 20. Rb5 Qc7 21. h3 Re7 22. Rb1 Qa5 23. Qb3 g6 24. Rd1 Kg7 25. Bf1 Qb4 26. Qxb4 Nxb4 27. a3 Nc6 28. Bb5 Nd8 29. Rc1 Ne6 30. g3 Rc7 31. Re1 Kf7 32. Kg2 Rc3 33. Re3 Rc1 34. Ne5+ Ke7 35. Nd3 Rc3 36. Nf4 Rxe3 37. fxe3 Nc7 38. Bd3 g5 39. Ne2 Nce8 40. Nc3 h6 41. Kf3 Nd6 42. a4 Kd7 43. Ke2 Kc6 44. Kd2 Kb6 45. Kc2 Ka5 46. Kb3 a6 47. Bf1 Nf5 48. Bg2 Nxe3 49. Bf3 Kb6 50. Ne2 Nc4 51. Kc3 Nd6 52. Bg2 Nde4+ 53. Kb3 Nh5 54. Bxe4 dxe4 55. Kc4 Kc6 56. d5+ Kd6 57. Kd4 Nf6 58. Nc3 e3 59. a5 Nxd5 60. Ne4+ Kc6 61. Kd3 Kb5 62. Nd6+ Kxa5 63. Nxb7+ Kb4 64. Nd8 Kb3 65. Nf7 a5 66. Nxh6 a4 67. Nf5 a3 68. Nd4+ Kb2 69. Nc2 a2 70. h4 e2 71. hxg5 e1Q 72. Nxe1 a1Q 73. Ke2 Nc3+ 74. Kf2 Ne4+ 75. Ke2 Nxg3+ 76. Kf2 Ne4+ 77. Ke2 Qa6+ 78. Ke3 Nxg5 79. Nd3+ Kc3 80. Nf4 Qa7+ 81. Ke2 Qe7+ 82. Kd1 Qd6+ 83. Ke1 Qxf4 84. Ke2 Qf3+ 85. Ke1 Qg2 86. Kd1 Qd2# 0-1

[Event "Kecskemet Caissa IM 11"]
[Site "Kecskemet"]
[Date "2012.11.22"]
[Round "9"]
[White "Aryan, Chopra"]
[Black "Meszaros, Gyula"]
[Result "0-1"]
[WhiteElo "2051"]
[BlackElo "2259"]
[PlyCount "108"]
[EventDate "2012.11.17"]
[EventType "tourn"]
[EventRounds "14"]
[EventCountry "HUN"]
[EventCategory "2"]
[SourceTitle "EXT 2014"]
[Source "ChessBase"]
[SourceDate "2013.11.20"]
[SourceVersion "1"]
[SourceVersionDate "2013.11.20"]
[SourceQuality "1"]

1. e4 e6 2. d4 d5 3. Nd2 Nc6 4. Ngf3 Nf6 5. e5 Nd7 6. c3 b6 7. Bd3 a5 8. 0-0 Ba6 9. Bxa6 Rxa6 10. Qe2 Ra7 11. Ne1 h5 12. f4 Ne7 13. g3 Qc8 14. Ndf3 Qa6 15. Qf2 Nf5 16. Ng2 g6 17. Ne3 c5 18. h3 cxd4 19. cxd4 Be7 20. Nxf5 gxf5 21. Be3 Nb8 22. Rac1 Kd7 23. Rc2 Nc6 24. a3 Rc7 25. Rfc1 Rhc8 26. Qf1 Qxf1+ 27. Kxf1 a4 28. Bd2 Rb7 29. Ke2 b5 30. Ke3 Na7 31. Ne1 Rc4 32. Nd3 Nc6 33. Bc3 Rc7 34. Ne1 Rc8 35. Nf3 Bd8 36. Kd3 Bb6 37. h4 Ke8 38. Rd2 Bxd4 39. Rdc2 Bxc3 40. Rxc3 Na5 41. Nd2 Rxc3+ 42. Rxc3 Nc4 43. Rc2 Kd7 44. Nf3 Kc6 45. Ng5 Rc7 46. Kd4 b4 47. Nh7 Kb6 48. Nf6 Nxa3 49. Rxc7 Nb5+ 50. Kd3 Kxc7 51. Nxh5 a3 52. bxa3 bxa3 53. Kc2 d4 54. g4 d3+ 0-1

[Event "Kecskemet Caissa IM 11"]
[Site "Kecskemet"]
[Date "2012.11.20"]
[Round "7"]
[White "Battey, Alexander"]
[Black "Meszaros, Gyula"]
[Result "1/2-1/2"]
[WhiteElo "2362"]
[BlackElo "2259"]
[PlyCount "26"]
[EventDate "2012.11.17"]
[EventType "tourn"]
[EventRounds "14"]
[EventCountry "HUN"]
[EventCategory "2"]
[SourceTitle "EXT 2014"]
[Source "ChessBase"]
[SourceDate "2013.11.20"]
[SourceVersion "1"]
[SourceVersionDate "2013.11.20"]
[SourceQuality "1"]

1. e4 e6 2. Nf3 d5 3. Nc3 Bb4 4. exd5 exd5 5. d4 Nf6 6. Bd3 0-0 7. 0-0 c6 8. h3 Nbd7 9. Ne2 Re8 10. c3 Bd6 11. Bf4 Qc7 12. Bxd6 Qxd6 13. Re1 Nf8 1/2-1/2

[Event "Kecskemet Caissa IM 11"]
[Site "Kecskemet"]
[Date "2012.11.19"]
[Round "4"]
[White "Meszaros, Gyula"]
[Black "Kojima, Shinya"]
[Result "1/2-1/2"]
[WhiteElo "2259"]
[BlackElo "2307"]
[PlyCount "93"]
[EventDate "2012.11.17"]
[EventType "tourn"]
[EventRounds "14"]
[EventCountry "HUN"]
[EventCategory "2"]
[SourceTitle "EXT 2014"]
[Source "ChessBase"]
[SourceDate "2013.11.20"]
[SourceVersion "1"]
[SourceVersionDate "2013.11.20"]
[SourceQuality "1"]

1. Nf3 d5 2. c4 c6 3. e3 Nf6 4. b3 Bg4 5. Bb2 e6 6. Be2 Nbd7 7. cxd5 cxd5 8. 0-0 Bd6 9. h3 Bh5 10. d3 0-0 11. Nbd2 e5 12. e4 Re8 13. Re1 Rc8 14. Rc1 Bb8 15. a3 a6 16. b4 Ba7 17. Rxc8 Qxc8 18. exd5 Nxd5 19. Nc4 Re6 20. Ncxe5 Nxe5 21. Nxe5 Nc3 22. Bxc3 Qxc3 23. Bxh5 Rxe5 24. Rxe5 Qxe5 25. Bf3 b5 26. Be4 Qb2 27. Qf3 Qxa3 28. Bd5 Qc1+ 29. Kh2 Qc7+ 30. g3 g6 31. Qf6 Qd7 32. Bb3 Bb8 33. h4 Bd6 34. Qc3 Qe7 35. Qc8+ Kg7 36. Qxa6 Qxh4+ 37. Kg2 Qxb4 38. Qa2 Qa3 39. Bxf7 Qxd3 40. Qe6 Qf5 41. Qxf5 gxf5 42. Be8 b4 43. f4 b3 44. Ba4 b2 45. Bc2 Kf6 46. Kf3 h5 47. Bb1 1/2-1/2

[Event "HUN-chT2 Maroczy 1213"]
[Site "Hungary"]
[Date "2012.11.18"]
[Round "4"]
[White "Borsavolgyi, Tamas"]
[Black "Meszaros, Gyula"]
[Result "1/2-1/2"]
[WhiteElo "2206"]
[BlackElo "2259"]
[PlyCount "58"]
[EventDate "2012.09.16"]
[EventType "team-tourn"]
[EventRounds "11"]
[EventCountry "HUN"]
[SourceTitle "EXT 2014"]
[Source "ChessBase"]
[SourceDate "2013.11.20"]
[SourceVersion "1"]
[SourceVersionDate "2013.11.20"]
[SourceQuality "1"]
[WhiteTeam "Hajduszoboszlo"]
[BlackTeam "Kisujszallas"]
[WhiteTeamCountry "HUN"]
[BlackTeamCountry "HUN"]

1. e4 e6 2. d4 d5 3. Nd2 Nc6 4. Ngf3 Nf6 5. e5 Nd7 6. Bb5 a6 7. Bxc6 bxc6 8. c4 c5 9. Qa4 Bb7 10. cxd5 Bxd5 11. dxc5 Bxc5 12. Ne4 0-0 13. 0-0 Be7 14. Be3 Rb8 15. Qc2 Rb4 16. Nfg5 Bxe4 17. Nxe4 Nxe5 18. Rfd1 Qb8 19. Bd4 c5 20. Bc3 Rb6 21. Qe2 f5 22. Nd2 Ng4 23. g3 Qc8 24. Nc4 Rc6 25. Re1 Bf6 26. Na5 Rd6 27. Nc4 Rc6 28. Na5 Rd6 29. Nc4 Rc6 1/2-1/2

[Event "HUN-chT2 Maroczy 1213"]
[Site "Hungary"]
[Date "2012.10.07"]
[Round "2"]
[White "Papp Zoltan, Csaba"]
[Black "Meszaros, Gyula"]
[Result "1/2-1/2"]
[WhiteElo "2289"]
[BlackElo "2259"]
[PlyCount "99"]
[EventDate "2012.09.16"]
[EventType "team-tourn"]
[EventRounds "11"]
[EventCountry "HUN"]
[SourceTitle "EXT 2014"]
[Source "ChessBase"]
[SourceDate "2013.11.20"]
[SourceVersion "1"]
[SourceVersionDate "2013.11.20"]
[SourceQuality "1"]
[WhiteTeam "Roeszke"]
[BlackTeam "Kisujszallas"]
[WhiteTeamCountry "HUN"]
[BlackTeamCountry "HUN"]

1. d4 Nf6 2. Nf3 e6 3. Bf4 c5 4. e3 b6 5. c3 Bb7 6. Nbd2 cxd4 7. exd4 Be7 8. Bd3 d6 9. h3 Nbd7 10. Qc2 a6 11. Ne4 Nxe4 12. Bxe4 Bxe4 13. Qxe4 0-0 14. 0-0 Nf6 15. Qe2 b5 16. Rfe1 Qc7 17. Ng5 Qc6 18. a4 Qd5 19. Nf3 Nd7 20. Nd2 Rfc8 21. Nf1 b4 22. Bd2 bxc3 23. bxc3 Qc6 24. Ne3 Nb6 25. c4 Qe4 26. Bc3 Nxc4 27. Qf1 Nxe3 28. Rxe3 Qd5 29. Rb1 Rc4 30. a5 Rac8 31. Qe1 Bf6 32. Qd1 h6 33. Qb3 Bxd4 34. Bxd4 Rxd4 35. Qb6 Ra4 36. Rf3 Rxa5 37. Qa7 e5 38. Rb7 Rf8 39. Rd7 Ra4 40. Rg3 Qd4 41. Qxd4 Rxd4 42. Ra7 Rd1+ 43. Kh2 Rd2 44. Rf3 f5 45. Rb3 Rf7 46. Rb8+ Rf8 47. Rbb7 Rf6 48. Rxg7+ Kh8 49. Rh7+ Kg8 50. Rhg7+ 1/2-1/2